| 000 -LEADER |
| fixed length control field |
00723cam a2200217 a 4500 |
| 020 ## - INTERNATIONAL STANDARD BOOK NUMBER |
| ISBN |
9780821367476 (pbk.) |
| 020 ## - INTERNATIONAL STANDARD BOOK NUMBER |
| ISBN |
0821367471 (pbk.) |
| 020 ## - INTERNATIONAL STANDARD BOOK NUMBER |
| ISBN |
082136748X (electronic) |
| 020 ## - INTERNATIONAL STANDARD BOOK NUMBER |
| ISBN |
9780821367483 (electronic) |
| 040 ## - CATALOGING SOURCE |
| Transcribing agency |
DLC |
| 082 00 - DEWEY DECIMAL CLASSIFICATION NUMBER |
| Classification number |
338 INT 2007 A066 Or. |
| 100 1# - MAIN ENTRY--AUTHOR NAME |
| Personal name |
Gill, Indermit Singh, |
| 245 13 - TITLE STATEMENT |
| Title |
An East Asian renaissance : |
| Remainder of title |
ideas for economic growth / |
| 260 ## - PUBLICATION, DISTRIBUTION, ETC. (IMPRINT) |
| Place of publication |
Washington, DC : |
| Name of publisher |
International Bank for Reconstruction and Development/World Bank, |
| Year of publication |
c2007. |
| 300 ## - PHYSICAL DESCRIPTION |
| Number of Pages |
xv, 365 p. : |
| Other physical details |
ill., maps ; |
| Dimensions |
24 cm. |
| 700 1# - ADDED ENTRY--PERSONAL NAME |
| Personal name |
Kharas, Homi J., |
| 700 1# - ADDED ENTRY--PERSONAL NAME |
| Personal name |
Bhattasali, Deepak. |
| 710 2# - ADDED ENTRY--CORPORATE NAME |
| Corporate name or jurisdiction name as entry element |
World Bank. |
| 856 41 - ELECTRONIC LOCATION AND ACCESS |
| Uniform Resource Identifier |
http://www.loc.gov/catdir/toc/ecip077/2006037026.html |
| 942 ## - ADDED ENTRY ELEMENTS (KOHA) |
| Koha item type |
សៀវភៅភាសាអង់គ្លេស |
| 952 ## - LOCATION AND ITEM INFORMATION (KOHA) |
| Withdrawn status [LOCAL, KOHA] |
0 |